| 000 | 00000nam 2200000zi 4500 |
| 001 | 9.946068 |
| 003 | CaOODSP |
| 005 | 20250403102726 |
| 006 | m o d f |
| 007 | cr cn||||||||| |
| 008 | 241211e20250122oncd obs f000 0 fre d |
| 020 | |a9780660748559 |
| 040 | |aCaOODSP|bfre|erda|cCaOODSP |
| 043 | |an-cn--- |
| 086 | 1 |aCS11-631/2025-1F-PDF |
| 245 | 03|aDe la recherche aux connaissances : |bl'abordabilité et l'inégalité en perspective. |
| 246 | 17|aÉclairer grâce aux données, pour bâtir un Canada meilleur |
| 264 | 1|a[Ottawa] : |bStatistique Canada = Statistics Canada, |cle 22 janvier 2025. |
| 300 | |a1 ressource en ligne (17 pages non numérotées) : |bgraphiques. |
| 336 | |atexte |btxt|2rdacontent/fre |
| 337 | |ainformatique|bc|2rdamedia/fre |
| 338 | |aressource en ligne|bcr|2rdacarrier/fre |
| 490 | 1 |aUne série de présentations de Statistique Canada sur l'économie, l'environnement et la société, |x2368-6731 |
| 500 | |aTitre de la couverture. |
| 500 | |aPublié aussi en anglais sous le titre : Research to insights: perspectives on affordability and inequality. |
| 504 | |aComprend des références bibliographiques. |
| 520 | |a« Cette présentation met en lumière les données et les analyses de Statistique Canada qui font ressortir les défis liés à l’abordabilité rencontrés par les ménages canadiens pendant la période de forte inflation dans la foulée de la pandémie de COVID-19. Elle repose sur les données récentes des comptes économiques répartis pour le secteur des ménages, de l’Enquête sur la sécurité financière (ESF) et de l’Enquête sociale canadienne de Statistique Canada » -- Contexte, page [3]. |
| 650 | 6|aFinances personnelles|zCanada|vStatistiques. |
| 650 | 6|aDroits économiques et sociaux|zCanada. |
| 650 | 6|aRevenu|xRépartition|zCanada|vStatistiques. |
| 650 | 6|aCoût et niveau de la vie|zCanada|vStatistiques. |
| 650 | 6|aCOVID-19|xAspect économique|zCanada|vStatistiques. |
| 655 | 7|aStatistiques|2rvmgf |
| 710 | 2 |aStatistique Canada, |eorganisme de publication. |
| 775 | 08|tResearch to insights : |w(CaOODSP)9.946067 |
| 830 | #0|aUne série de présentations de Statistique Canada sur l’économie, l’environnement et la société.|w(CaOODSP)9.504312 |
| 856 | 40|qPDF|s1.33 Mo|uhttps://publications.gc.ca/collections/collection_2025/statcan/11-631-x/11-631-x2025001-fra.pdf |
| 856 | 4 |qHTML|sS.O.|uhttps://www150.statcan.gc.ca/n1/pub/11-631-x/11-631-x2025001-fra.htm |
| 986 | |a11-631-X |